Determination of the Energy Structure and Spectroscopic Parameters of the Vibrational State (v5 = v12 = 1) of the C2D4 Molecule; Optics and Spectroscopy; Vol. 128, iss. 5
| Parent link: | Optics and Spectroscopy Vol. 128, iss. 5.— 2020.— [P. 569-574] |
|---|---|
| Tác giả chính: | |
| Nhiều tác giả của công ty: | , |
| Tác giả khác: | , |
| Tóm tắt: | Title screen Using a Bruker IFS 125HR Fourier spectrometer, the vibrational-rotational structure of the ν5+ν12ν5+ν12 band of the C2D4 molecule has been detected for the first time with a resolution of 0.0025 cm-1. At the initial investigation stage, interpretation of transitions in the spectrum is carried out; at a later stage, results of the interpretation are used as experimental data for solving the inverse spectroscopic problem. The set of 12 spectroscopic parameters of the vibrational state under study is determined for the first time. The root-mean-square deviation amounts to 0.0013 cm-1. Режим доступа: по договору с организацией-держателем ресурса |
| Ngôn ngữ: | Tiếng Anh |
| Được phát hành: |
2020
|
| Những chủ đề: | |
| Truy cập trực tuyến: | https://doi.org/10.1134/S0030400X20050203 |
| Định dạng: | Điện tử Chương của sách |
| KOHA link: | https://koha.lib.tpu.ru/cgi-bin/koha/opac-detail.pl?biblionumber=662952 |
MARC
| LEADER | 00000naa0a2200000 4500 | ||
|---|---|---|---|
| 001 | 662952 | ||
| 005 | 20250417133224.0 | ||
| 035 | |a (RuTPU)RU\TPU\network\34120 | ||
| 035 | |a RU\TPU\network\32697 | ||
| 090 | |a 662952 | ||
| 100 | |a 20210114d2020 k||y0rusy50 ba | ||
| 101 | 0 | |a eng | |
| 135 | |a drcn ---uucaa | ||
| 181 | 0 | |a i | |
| 182 | 0 | |a b | |
| 200 | 1 | |a Determination of the Energy Structure and Spectroscopic Parameters of the Vibrational State (v5 = v12 = 1) of the C2D4 Molecule |f A. G. Zyatkova (Ziatkova), M. A. Merkulova, Yu. V. Konova | |
| 203 | |a Text |c electronic | ||
| 300 | |a Title screen | ||
| 320 | |a [References: 20 tit.] | ||
| 330 | |a Using a Bruker IFS 125HR Fourier spectrometer, the vibrational-rotational structure of the ν5+ν12ν5+ν12 band of the C2D4 molecule has been detected for the first time with a resolution of 0.0025 cm-1. At the initial investigation stage, interpretation of transitions in the spectrum is carried out; at a later stage, results of the interpretation are used as experimental data for solving the inverse spectroscopic problem. The set of 12 spectroscopic parameters of the vibrational state under study is determined for the first time. The root-mean-square deviation amounts to 0.0013 cm-1. | ||
| 333 | |a Режим доступа: по договору с организацией-держателем ресурса | ||
| 461 | |t Optics and Spectroscopy | ||
| 463 | |t Vol. 128, iss. 5 |v [P. 569-574] |d 2020 | ||
| 610 | 1 | |a электронный ресурс | |
| 610 | 1 | |a труды учёных ТПУ | |
| 610 | 1 | |a vibrational–rotational structure | |
| 610 | 1 | |a deuterated isotopolog of ethylene | |
| 610 | 1 | |a rotational constants | |
| 610 | 1 | |a Watson Hamiltonian | |
| 610 | 1 | |a b-type transitions | |
| 610 | 1 | |a колебательно-вращательная теория | |
| 610 | 1 | |a изотопологи | |
| 610 | 1 | |a гамильтонианы | |
| 700 | 1 | |a Zyatkova (Ziatkova) |b A. G. |c Physicist |c Engineer of the Department of Tomsk Polytechnic University |f 1991- |g Anastasiya Georgievna |3 (RuTPU)RU\TPU\pers\37482 |9 20369 | |
| 701 | 1 | |a Merkulova |b M. A. |g Maria Andreevna |f 1996- |c physicist |c Engineer of Tomsk Polytechnic University |3 (RuTPU)RU\TPU\pers\46724 |9 22360 | |
| 701 | 1 | |a Konova |b Yu. V. |c physicist |c technician at Tomsk Polytechnic University |f 1992- |g Yuliya Vladimirovna |3 (RuTPU)RU\TPU\pers\40678 |9 21330 | |
| 712 | 0 | 2 | |a Национальный исследовательский Томский политехнический университет |b Школа базовой инженерной подготовки |b Отделение естественных наук |3 (RuTPU)RU\TPU\col\23562 |9 28359 |
| 712 | 0 | 2 | |a Национальный исследовательский Томский политехнический университет |b Инженерная школа ядерных технологий |b Отделение экспериментальной физики |3 (RuTPU)RU\TPU\col\23549 |9 28346 |
| 801 | 2 | |a RU |b 63413507 |c 20210114 |g RCR | |
| 850 | |a 63413507 | ||
| 856 | 4 | 0 | |u https://doi.org/10.1134/S0030400X20050203 |
| 942 | |c CF | ||